000 01170nas a2200361 4500
001 BR0502566
003 BR-BrBNA
005 20231205105416.0
007 ta
008 230509b bl.|||p| |||| 00| 00por d
040 _aBR-BrBNA
_bpor
_cBiblioteca Nacional de Agricultura
041 _a(Pt)
072 _aL01; Q04
100 1 _aArboitte, M.Z.
100 1 _aRestle, J.
100 1 _aAlves Filho, D.C.
100 1 _aBrondani, I.L.
100 1 _aPacheco, P.S.
100 1 _aMenezes, L.F.G. de
100 1 _aPerottoni, J.
245 1 _aComposição física da carcaça, qualidade da carne e conteúdo de colesterol no músculo Longissimus dorsi de novilhos 5/8 Nelore - 3/8 Charolês terminados em confinamento e abatidos em diferentes estádios de maturidade
650 _aGADO DE CORTE
650 _aCARNE
650 _aQUALIDADE
650 _aCRUZAMENTO ANIMAL
650 _aABATE
650 _aCONFINAMENTO
650 _aGORDURA
650 _aDIETA
773 0 _tRevista Brasileira de Zootecnia (Brazil)
_xISSN 1516-3598
_g(Jul-Aug 2004), v. 33(4) p. 959-968
_wBR0502566
909 _a202311
_bLúcia
_c55
_dLúcia Elande
942 _2AGRIS
_n0
_cANA
999 _c182822
_d182822